000 00326nam a22001457a 4500
020 _a978-81-26-46-507
082 _a894.812.3
_bRAN/S
100 _aMURTY SUDHA
245 _aRANDU AMMAKKATHAKAL
260 _aKOTTAYAM
_bDC BOOKS
_c2023
300 _a190
520 _aMALAYALM NOVEL
650 _aMALAYALM NOVEL
942 _cBK
999 _c7175
_d7175